Clinical studies of personality / (Record no. 29681)
[ view plain ]
| 000 -LEADER | |
|---|---|
| fixed length control field | 01001cam a2200277 4500 |
| 001 - CONTROL NUMBER | |
| control field | 29681 |
| 003 - CONTROL NUMBER IDENTIFIER | |
| rucl marc code | BD-RjUL |
| 005 - DATE AND TIME OF LATEST TRANSACTION | |
| control field | 20211209051438.0 |
| 008 - FIXED-LENGTH DATA ELEMENTS--GENERAL INFORMATION | |
| fixed length control field | 140406m19669999nyua bs 001 0 eng |
| 035 ## - SYSTEM CONTROL NUMBER | |
| System control number | (BD-RjUL)29766 |
| 040 ## - CATALOGING SOURCE | |
| Original cataloging agency | DLC |
| Transcribing agency | DLC |
| Modifying agency | DLC |
| -- | BD-RjUL |
| Language of cataloging | eng |
| 041 ## - LANGUAGE CODE | |
| Language code of text/sound track or separate title | eng |
| 082 00 - DEWEY DECIMAL CLASSIFICATION NUMBER | |
| Classification number | 157.9 |
| Author mark and year | CLI V-1 1966 |
| 245 10 - TITLE STATEMENT | |
| Title | Clinical studies of personality / |
| Statement of responsibility, etc. | edited by Arthur Burton & Robert E. Harris. Pref. to the Torchbook ed. by Arthur Burton. |
| Number of part/section of a work | Volume I : |
| Name of part/section of a work | Personality Disorders in Adults |
| 260 ## - PUBLICATION, DISTRIBUTION, ETC. (IMPRINT) | |
| Place of publication, distribution, etc. | New York : |
| Name of publisher, distributor, etc. | Harper & Row, |
| Date of publication, distribution, etc. | c1966. |
| 300 ## - PHYSICAL DESCRIPTION | |
| Pagination | xii, 373 p. : |
| Illustrations | illus. |
| Size | 21 cm. |
| 490 0# - SERIES STATEMENT | |
| Series statement | Harper torchbooks. The University library |
| Volume/sequential designation | TB3075 |
| 504 ## - BIBLIOGRAPHY, ETC. NOTE | |
| Bibliography, etc | Includes bibliographies and index. |
| 505 1# - FORMATTED CONTENTS NOTE | |
| Formatted contents note | v. 1. Personality disorders in adults. |
| 650 #0 - SUBJECT ADDED ENTRY--TOPICAL TERM | |
| Topical term or geographic name as entry element | Psychiatry |
| General subdivision | Case studies. |
| 9 (RLIN) | 88715 |
| 700 1# - ADDED ENTRY--PERSONAL NAME | |
| Personal name | Burton, Arthur, |
| Dates associated with a name | 1914- |
| Relator term | ed. |
| Personal name | Harris, Robert E., |
| Dates associated with a name | 1915- |
| Relator term | joint comp. |
| 942 ## - ADDED ENTRY ELEMENTS (KOHA) | |
| Source of classification or shelving scheme | Dewey Decimal Classification |
| Koha item type | Books |
| Lost status | Source of classification or shelving scheme | Damaged status | Not for loan | Collection code | Permanent Location | Current Location | Shelving location | Date acquired | Source of acquisition | Total Checkouts | Full call number | Date last seen | Copy number | Koha item type |
|---|---|---|---|---|---|---|---|---|---|---|---|---|---|---|
| Dewey Decimal Classification | Added to bundle | Non-fiction | Central Library, University of Rajshahi | Central Library, University of Rajshahi | Reading Room | 04/04/1977 | lions Internationals | 157.9 CLI V-1 1966 | 06/04/2014 | C-1 | Books |